000 00310nam a2200109Ia 4500
008 171204s9999 xx 000 0 und d
245 _aExcel 2016 Programming Pocket Primer:
245 _cJulitta Korol
260 _c2016
650 _xProgramming 1-2
856 _uhttp://down.ebook777.com/047/9781942270829.pdf
999 _c345944
_d345944